000 00602nam a2200181 i 4500
001 185884
003 ES-MaACL
005 20230906222534.0
008 160819q1983 sp |||| | spa d
245 0 0 _aDelito fiscal :
_b[normativa y doctrina].
260 _aMadrid :
_bDirección General de lo Contencioso del Estado, Gabinete de Estudios,
_c[1983?]
300 _a297 p. ;
_c30 cm.
490 1 _aCuadernos de documentación ;
_v1
650 0 4 _aDelitos fiscales-
_zEspaña.
_911562
830 0 _aCuadernos de documentación ;
_v1
_9192424
852 _aES-MaACL
_jL-6096
999 _c185884
_d185884